ბათუმის შოთა რუსთაველის სახელმწიფო უნივერსიტეტის ბიბლიოთეკა

Network Security Bible / (ბიბ.ჩანაწერი № 61286)

000 -LEADER
fixed length control field 00723nam a22002177a 4500
005 - DATE AND TIME OF LATEST TRANSACTION
control field 20240125154402.0
008 - FIXED-LENGTH DATA ELEMENTS--GENERAL INFORMATION
fixed length control field 240125s2009 enk||||| |||| 00| 0 eng d
020 ## - INTERNATIONAL STANDARD BOOK NUMBER
International Standard Book Number 9780470502495
041 ## - LANGUAGE CODE
Language code of text/sound track or separate title eng
080 ## - UNIVERSAL DECIMAL CLASSIFICATION NUMBER
Universal Decimal Classification number 004.738.5 C-69
100 ## - MAIN ENTRY--PERSONAL NAME
Personal name Cole, Eric
9 (RLIN) 21134
245 ## - TITLE STATEMENT
Title Network Security Bible /
Statement of responsibility, etc. Eric Cole, Ronald Krutz, James W. Conley.
250 ## - EDITION STATEMENT
Edition statement Second edition
264 ## - PRODUCTION, PUBLICATION, DISTRIBUTION, MANUFACTURE, AND COPYRIGHT NOTICE
Place of production, publication, distribution, manufacture Indianapolis :
Name of producer, publisher, distributor, manufacturer Wiley,
Date of production, publication, distribution, manufacture, or copyright notice 2009.
300 ## - PHYSICAL DESCRIPTION
Extent 892 p. :
Other physical details ill.;
Dimensions 24 cm.
653 ## - INDEX TERM--UNCONTROLLED
keyword ქსელის უსაფრთხოება
653 ## - INDEX TERM--UNCONTROLLED
keyword ინტერნეტი
700 ## - ADDED ENTRY--PERSONAL NAME
Personal name Krutz, Ronald
Relator term ავტორი
9 (RLIN) 21135
700 ## - ADDED ENTRY--PERSONAL NAME
Personal name Conley, James W.
Relator term ავტორი
9 (RLIN) 21136
942 ## - ADDED ENTRY ELEMENTS (KOHA)
Source of classification or shelving scheme
Koha item type წიგნი
ეგზემპლარები
Withdrawn status Lost status Source of classification or shelving scheme Damaged status Not for loan Permanent Location Current Location Shelving location Date acquired Cost, normal purchase price Full call number Barcode Date last seen Copy number Price effective from Koha item type Public note
          ბათუმის შოთა რუსთაველის სახელმწიფო უნივერსიტეტის მთავარი ბიბლიოთეკა ბათუმის შოთა რუსთაველის სახელმწიფო უნივერსიტეტის მთავარი ბიბლიოთეკა წიგნსაცავი 2024-01-25 201.00 004.738.5 C-69 67178 2024-01-25 67178 2024-01-25 წიგნი 201 ლ.